Best Episodes of Game of Thrones - Statistics

General Stats
  • This quiz has been taken 93 times
    78 since last reset
  • The average score is 8 of 14
Answer Stats
Season Episode Rating Description Episode % Correct
2 9 9.7 Stannis Baratheon's fleet and army arrive at King's Landing and the battle for the city begins. Cersei plans for her and her children's future. Blackwater
89%
1 9 9.6 Robb goes to war against the Lannisters. Jon finds himself struggling on deciding if his place is with Robb or the Night's Watch. Drogo has fallen ill from a fresh battle wound. Daenerys is desperate to save him. Baelor
78%
6 9 9.9 Jon and Sansa face Ramsay Bolton on the fields of Winterfell. Daenerys strikes back at her enemies. Theon and Yara arrive in Meereen. Battle of the Bastards
77%
3 9 9.9 Robb and Catelyn arrive at the Twins for the wedding. Jon is put to the test to see where his loyalties truly lie. Bran's group decides to split up. Daenerys plans an invasion of Yunkai. The Rains of Castamere
72%
5 8 9.8 Tyrion advises Daenerys. Sansa forces Theon to tell her a secret. Cersei remains stubborn. Arya meets her first target. Jon and Tormund meet with the wildling elders. Hardhome
63%
4 8 9.7 Theon helps Ramsay seize Moat Cailin. The wildlings attack Mole's Town. Sansa comes up with a story to protect Lord Baelish. Daenerys finds out a secret about Jorah Mormont. Oberyn Martell faces Gregor Clegane, the Mountain. The Mountain and the Viper
63%
4 2 9.7 Joffrey and Margaery's wedding has come. Tyrion breaks up with Shae. Ramsay tries to prove his worth to his father. Bran and company find a Weirwood tree. The Lion and the Rose
58%
6 10 9.9 Cersei and Loras Tyrell stand trial by the gods. Daenerys prepares to set sail for Westeros. Davos confronts Melisandre. Sam and Gilly arrive in the Citadel. Bran discovers a long-kept secret. Lord Frey has an uninvited guest. The Winds of Winter
56%
4 9 9.6 The battle between the Night's Watch and the wildlings has come. The Watchers on the Wall
55%
7 4 9.7 Daenerys takes matters into her own hands. Arya reaches her destination. Jaime and Bronn collect the spoils from the war with the Tyrells. The Spoils of War
52%
4 10 9.6 Jon makes an important decision. Daenerys experiences new consequences. Brienne and Podrick have an unexpected encounter. Bran achieves a goal, while Tyrion makes an important discovery. The Children
42%
4 6 9.7 Tyrion's trial has come. Yara and her troops storm the Dreadfort to free Theon. Daenerys meets Hizdar zo Loraq. Stannis makes a deal with the Iron Bank of Braavos. The Laws of Gods and Men
34%
6 5 9.7 Sansa and Jon make plans. Arya is given another chance to prove herself. Jorah confesses a secret to Daenerys. Tyrion meets with a red priestess. Yara finds her rule tested. Bran discovers the origin of the White Walkers. The Door
28%
3 4 9.5 Jaime mopes over his lost hand. Cersei is growing uncomfortable with the Tyrells. The Night's Watch is growing impatient with Craster. Daenerys buys the Unsullied. And Now His Watch Is Ended
23%
No matching quizzes found
Score Distribution
Percent of People with Each Score
Percentile by Number Answered
Your Score History
You have not taken this quiz since the last reset